Culture générale (niveau avancé) - Statistiques

Statistiques générales
  • Ce quiz a été pris 56 fois
  • Le résultat moyen est 10 sur 20
Statistiques - réponses
Question Réponse % Correct
De quel continent les hommes préhistoriques ont-ils commencé leur migrations ? Afrique
81%
Lequel a été créé par l'homme ? Angkor Vat
66%
Comment appelle-t-on l'un des 2 ailes antérieures durcies des scarabées ? Elytre
66%
Quel cinéaste est l'une des figures emblématique de la Nouvelle Vague ? François Truffaut
62%
Quel terme désigne la création de mots pour simuler un bruit particulièrement associé à un être, un animal, un objet ? Onomatopée
62%
Quelle est la langue national du Pakistan ? Ourdou
60%
Lequel de ces édifices ne se trouvent pas sur la place Tian'anmen ? Temple du Bouddha de jade
60%
Quel terme désigne un état économique où les ressources sont allouées de la manière la plus efficace ? Optimum de Pareto
57%
Qui était l'empereur Allemand pendant la Première guerre mondiale ? Guillaume II
55%
Qui a écrit Gatsby le Magnifique ? F. Scott Fitzgerald
53%
Où se trouve la péninsule du Jutland ? Danemark
49%
Quel était le nom de Londres dans l'Empire romain ? Londinium
49%
Qu'est ce que l'épistaxis ? Saignement du nez
49%
Quelle couche recouvre la surface interne des vaisseaux sanguins ? Endothélium
40%
Lequel de ces pays Africains est le plus occidental ? Togo
40%
Comment s'appellent les lignes du tableau périodique ? Périodes
38%
La guerre des Trois Henri était un conflit entre Henri III de France, Henri III de Navarre et : Henri Ier de Guise
34%
Pour quoi la mifépristone est-elle utilisée ? Avortement
32%
Laquelle n'est pas une caractéristique d'un arthropode ? Notochorde
32%
Quelle mission spatiale n'a pas étudié la planète Mars ? Galileo
26%
Aucun quiz correspondant
Distribution des résultats
% des personnes avec chaque résultat
Percentile par nombre de réponses
Votre historique - résultats
Vous n’avez pas pris ce quiz